UBT Library

The world of Van Gogh, 1853-1890, (Record no. 1038)

000 -LEADER
fixed length control field 00513nam a22001697a 4500
008 - FIXED-LENGTH DATA ELEMENTS--GENERAL INFORMATION
fixed length control field 150611b xxu||||| |||| 00| 0 eng d
080 ## - UNIVERSAL DECIMAL CLASSIFICATION NUMBER
Universal Decimal Classification number 75
100 ## - Rafti
Rafti Wallace, Robert,
100 ## - Rafti
-- 1919-
245 00 - TITLE STATEMENT
Title The world of Van Gogh, 1853-1890,
Statement of responsibility, etc by Robert Wallace and the editors of Time-Life Books.
260 ## -
-- New York,
-- Time-Life Books
-- [1969]
300 ## -
-- 192 f. :
-- me il. :
-- 32 cm.
490 ## -
-- Time-Life library of art
505 ## -
-- Index : f. 186-188
650 #0 -
-- Painter
650 #0 -
-- Piktorë
942 ## - ADDED ENTRY ELEMENTS (KOHA)
Source of classification or shelving scheme
Item type Books
Holdings
Withdrawn status Lost status Source of classification or shelving scheme Damaged status Not for loan Collection code Permanent location Current location Shelving location Date acquired Total Checkouts Full call number Date last seen Price effective from Koha item type
          Koleksioni i përgjithshem UBT - Lipjan UBT - Lipjan Koleksioni i përgjithshem 06/11/2015   75 WOR 06/11/2015 06/11/2015 Books
UBT Library © 2015-2024. All rights reserved University Education for Business and Technology